000 00571nam a2200193Ia 4500
005 20250508161927.0
008 008 250505s9999 xx 000 0 eng d
037 _aDissertations
040 _aFEDL
_beng
_cFEDL
041 _aeng
_2eng
084 _a371.713, SHA/DI
_qFEDL
100 _aSharma Santosh
245 0 _aStudy of the positive and negative indices of mental health in adolescents
260 _c1978
300 _a51p.
546 _aM.Ed. Dissertation (Delhi University)
942 _cDIS
_h371.713, SHA/DI
999 _c1373279
_d1373279